00387nam a2200121Ia 4500008004100000245012400041260001700165260000900182300000900191650002300200650001200223856003000235170516s9999 xx 000 0 und d aRadiofrequency Heat-Enhanced Chemotherapy for Breast Cancer: Towards Interventional Molecular Image-Guided Chemotherapy bTheranostics c2014 a4:11 xMedical Technology xMedtech uhttp://www.thno.org/v4i11